000 00318nam a22001457a 4500
003 SGT
020 _a81-8061-591-X
082 _a612.015
_bM06S
100 _aSOOD, RAMNIK
245 _aTEXT BOOK OF MEDICAL TECHNOLOGY
260 _aDELHI
_bJAYPEE PUB
_c2006
300 _a1280
650 _aPHARMACY
942 _2ddc
_cBK
999 _c11635
_d11635